000 00506nam a2200193 i 4500
001 49223
005 20230410143111.0
008 071107b1969 sp a 000 0 spa
040 _aDRFGD
_bspa
041 0 _aspa
050 1 4 _abB328e 1969
100 1 _aBatten T. R.
245 0 0 _aEl enfoque no directivo en el trabajo social de grupo y comunidad :
_cT. R. Batten
260 _aMadrid :
_bEuramerica,
_c1969
300 _a254 p.
440 _aColección; As
942 _2lcc
_cbk
946 _acsexposito
999 _c95728
_d95728